Grünewald: Mathis Neithart genannt Gothart

Saved in:  
Bibliographic Details
Subtitles:Der Maler Grünewald
Main Author: Zülch, Walther Karl 1883-1966 (Author)
Contributors: Grünewald, Matthias 1480-1528 (Illustrator)
Format: Print Book
Language:German
Subito Delivery Service: Order now.
Check availability: HBZ Gateway
WorldCat: WorldCat
Interlibrary Loan:Interlibrary Loan for the Fachinformationsdienste (Specialized Information Services in Germany)
Published: Leipzig Seemann 1954
In:Year: 1954
Edition:2., verb. Aufl.
Standardized Subjects / Keyword chains:B Grünewald, Matthias 1480-1528
Sammlungen:

MARC

LEADER 00000cam a2200000 c 4500
001 1145062970
003 DE-627
005 20251225180949.0
007 tu
008 990323s1954 xx ||||| 00| ||ger c
035 |a (DE-627)1145062970 
035 |a (DE-576)075062976 
035 |a (DE-599)BSZ075062976 
035 |a (OCoLC)25890530 
035 |a (OCoLC)25890530 
035 |a (OCoLC)1050559293 
035 |a (OCoLC)1071129797 
040 |a DE-627  |b ger  |c DE-627  |e rakwb 
041 |a ger 
044 |c XA-DDDE 
082 0 |a 759.3  |q OCLC 
084 |a 1  |2 ssgn 
084 |a LI 36703  |2 rvk  |0 (DE-625)rvk/96165:13281 
084 |a LI 36705  |2 rvk  |0 (DE-625)rvk/96165:13283 
084 |a 20.31  |2 bkl 
084 |a 21.00  |2 bkl 
100 1 |0 (DE-588)116003669  |0 (DE-627)077539664  |0 (DE-576)177308451  |4 aut  |a Zülch, Walther Karl  |d 1883-1966 
109 |a Zülch, Walther Karl 1883-1966  |a Zülch, Walther Carl Wilhelm 1883-1966  |a Zülch, Walter K. 1883-1966  |a Zülch, Walter Carl 1883-1966  |a Zülch, Walther K. 1883-1966  |a Zülch, W. K. 1883-1966  |a Zülch, Walter Karl 1883-1966  |a Zülch, W.K. 1883-1966 
245 1 0 |a Grünewald  |b Mathis Neithart genannt Gothart  |c von Walter Karl Zülch 
246 1 |i Nebent.  |a Der Maler Grünewald 
250 |a 2., verb. Aufl. 
264 1 |a Leipzig  |b Seemann  |c 1954 
300 |a 41, [38] S., [2] Faltbl.  |b überw. Ill. 
336 |a Text  |b txt  |2 rdacontent 
337 |a ohne Hilfsmittel zu benutzen  |b n  |2 rdamedia 
338 |a Band  |b nc  |2 rdacarrier 
583 1 |a Archivierung prüfen  |c 20240324  |f DE-4165  |z 3  |2 pdager 
689 0 0 |d p  |0 (DE-588)118542907  |0 (DE-627)079341675  |0 (DE-576)161220290  |2 gnd  |a Grünewald, Matthias  |d 1480-1528 
689 0 |5 (DE-627) 
700 1 |e Ill.  |0 (DE-588)118542907  |0 (DE-627)079341675  |0 (DE-576)161220290  |4 ill  |a Grünewald, Matthias  |d 1480-1528 
889 |w (DE-576)9153127374 
889 |w (DE-627)153127376 
935 |a RFBW  |a mteo 
935 |i mdedup 
936 r v |a LI 36703  |b Abbildungswerke und Monographien zu einem Thema (sofern hierzu Werke des Künstlers aus zwei oder mehr Kunstgattungen - z.B. Plastik und Malerei - vorliegen)  |k Kunstgeschichte  |k Künstler-Monografien  |k Alphabetische Künstlerliste  |k Künstler G  |k Grünewald, Matthias (bis LI 36710)  |k Abbildungswerke und Monographien zu einem Thema (sofern hierzu Werke des Künstlers aus zwei oder mehr Kunstgattungen - z.B. Plastik und Malerei - vorliegen)  |0 (DE-627)1271924056  |0 (DE-625)rvk/96165:13281  |0 (DE-576)201924056 
936 r v |a LI 36705  |b Biografien, Werkdarstellungen, Gedenkreden und andere Gesamtwürdigungen (Sammelwerke, Festschriften etc.)  |k Kunstgeschichte  |k Künstler-Monografien  |k Alphabetische Künstlerliste  |k Künstler G  |k Grünewald, Matthias (bis LI 36710)  |k Biografien, Werkdarstellungen, Gedenkreden und andere Gesamtwürdigungen (Sammelwerke, Festschriften etc.)  |0 (DE-627)1270919229  |0 (DE-625)rvk/96165:13283  |0 (DE-576)200919229 
936 b k |a 20.31  |j Bildende Künstler  |0 (DE-627)181571080 
936 b k |a 21.00  |j Malerei: Allgemeines  |0 (DE-627)10640671X 
951 |a BO 
ELC |b 1 
LOK |0 000 xxxxxcx a22 zn 4500 
LOK |0 001 454149552X 
LOK |0 003 DE-627 
LOK |0 004 1145062970 
LOK |0 005 20240625101739 
LOK |0 008 240625||||||||||||||||ger||||||| 
LOK |0 040   |a DE-Tue135  |c DE-627  |d DE-Tue135 
LOK |0 092   |o n 
LOK |0 852   |a DE-Tue135 
LOK |0 852 1  |9 00 
LOK |0 866   |x SPQUE#Reformationsgeschichtliche Forschungsbibliothek Wittenberg#SPSAM#Lutherhaus#SPUSM#Neubestand 
LOK |0 935   |a RFBW  |a lglu  |a lgnb 
LOK |0 939   |a 25-06-24  |b l01 
ORI |a SA-MARC-ixtheoa001.raw 
REL |a 1 
SUB |a REL 
SYG 0 0 |a Grünewald, Matthias Gothart Nithart,1480-1528,Grünewald, Mathis Gothart Nithart,1480-1528,Grünewald, Matthaeus,1480-1528,Grünewald, Mattheus,1480-1528,Grünewald, Matthis,1480-1528,Grünewald, Mathes,1480-1528,Grünewald, Mathias,1480-1528,Grünewald, Mathias Gothart Nithart,1480-1528,Grünewald, Mathis,1480-1528,Grünewald, Mathis Gothardt Neithardt,1480-1528,Grünewald,1480-1528,Grünewaldt, Mathias,1480-1528,Grünewaldt, Mathis,1480-1528,Grünewaldt, Matthias,1480-1528,Grünewaldt, Matthis,1480-1528,Grünwald, Mathias,1480-1528,Grünwald, Mathis,1480-1528,Grünwald, Matthias,1480-1528,Grünwald, Matthis,1480-1528,Grünwalt, Mathias,1480-1528,Grünwalt, Mathis,1480-1528,Grünwalt, Matthias,1480-1528,Grünwalt, Matthis,1480-1528,Grün, Mathis,1480-1528,Grün, Matthis,1480-1528,Grunewald, Mathias,1480-1528,Grunewald, Mathis,1480-1528,Grunewald, Matthias,1480-1528,Grunewald, Matthis,1480-1528,Gothardt,aus Würzburg,1480-1528,Gothardt,1480-1528,Gothardt Neithardt, Mathis,1480-1528,Gothardt-Neithardt, Mathis,1480-1528,Gothart, Mathis,1480-1528,Gothart, Matthis,1480-1528,Gothart Nithard, Mathis,1480-1528,Gothart-Nithard, Mathis,1480-1528,Gothart Nithart, Mathis,1480-1528,Gothart-Nithart, Mathis,1480-1528,Gothart,1480-1528,Mathis Gothardt Neithardt,1480-1528,Mathis Gothardt-Neithardt,1480-1528,Mathis Gothart Nithard,1480-1528,Mathis Gothart-Nithart,1480-1528,Mathis Gothart Nithart,1480-1528,Mathis,der Maler,1480-1528,Neidhardt, Matthias G.,1480-1528,Neithardt, Mathis Gothardt,1480-1528,Neithardt, Matthias G.,1480-1528,Neithardt, Matthis,1480-1528,Neithardt,1480-1528,Neithart, Matthäus Gotthard,1480-1528,Neithart, Matthis,1480-1528,Neithart,1480-1528,Nithard, Mathis Gothart,1480-1528,Neithardt, Mathis,1480-1528,Neithart, Mathis,1480-1528,Nithart, Mathis Gothart,1480-1528,Nithart, Mathis,1480-1528,Nithart, Matthis,1480-1528,Nithart,1480-1528